000 00486nam a2200169 i 4500
001 141462
003 ES-MaACL
005 20230906200310.0
007 t|
008 070924s1969 sp ||||1| spa d
100 1 _aVogt, A. E. van.
_9115660
245 1 4 _aLos fabricantes de armas /
_cA. E. van Vogt ; traducción de Luis Vigil.
260 _aBarcelona :
_bEDHASA,
_c[1969]
300 _a200 p. ;
_c19 cm.
700 1 _aVigil, Luis.
_9114628
852 _aES-MaACL
_jC-40089
_bR.71958
999 _c141462
_d141462